1345 1770 1610 1818 1513 1051 1255 1386 1703 1470 1428 1993 1365 1442 1238 1377 1231 1986 1295 1518 1621 1590 1739 1587 1127 1356 1790 1077 1159 1773 1407 1982 1297 1480 1771 1402 1568 1267 1967 1747 1911 1650 1452 1855 1246 1009 1778 1291 1959 1668 1770 1120 1061 1643 1242 1122 1493 1855 1499 1558 1337 1398 1559 1190 1461 1247 1929 1567 1757 1018 1600 1152 1914 1039 1716 1157 1164 1168 1244 1241 1216 1935 1857 1134 1712 1612 1294 1406 1772 1619 1042 1541 1332 1931 1066 1281 1661 1427 1718 BCNSPRNW ULIB Ver.6.0+V

เปลี่ยนเป็นภาษาไทย

Change to English
 แสดงรายละเอียดบรรณานุกรม
  กลับหน้าหลัก

Brief Record : Get Marc (ISO 2709) : E-mail record : QR code < ปิดหน้าต่าง
LEADER : 00000nam 2200000uu 4500
001    13399107664
003     ULIB
008    110114s2539th 000 0 tha d
020    9748430073
020    9789748430072
060 04 QS4^bว724ก 2539
100 0  วิไล ชินธเนศ
245 10 กายวิภาคศาสตร์ของมนุษย์ =^bHuman anatomy /^cวิไล ชินธเนศ,ธันวา ตันสถิตย์ และ มนตกานต์ ตันสถิตย์
246 31 Human anatomy
250    พิมพ์ครั้งที่ 3
260    กรุงเทพฯ :^bเฟื่องฟ้า,^c2539
300    304, [xxi] :^bภาพประกอบ ;^c29 ซม.
650  7 กายวิภาคศาสตร์
700 0  มนตกานต์ ตันสถิตย์
700 0  ธันวา ตันสถิตย์
710 2  จุฬาลงกรณ์มหาวิทยาลัย. ^bคณะแพทยศาสตร์.^bภาควิชากายวิภาคศาสตร์
945    ^p200^l0^i021138
945    ^p200^l0^i021136
945    ^p0^l0^i021137
945    ^p200^l0^i021140
995    เกษร
999 ^a ใช้งานได้ทุกระบบ
รายการนี้ยังไม่มีแท็ก
คุณยังไม่ได้ล็อกอิน คุณสามารถมีกิจกรรมร่วมกับเว็บไซต์ได้ แต่ต้องล็อกอินก่อน ::
  ล็อกอิน

รายการสื่อสารสนเทศ

ลำดับที่ ประเภท เลขเรียก/บาร์โค้ด สถานที่ สถานะ
1. วิทยาศาสตร์การแพทย์ และสุขภาพ
วิทยาศาสตร์การแพทย์ และสุขภาพ
สถานะ=หนังสือเก่า
QS4 ว724ก 2539 ฉ.5 
  Barcode: 021136
ห้องสมุดวิทยาเขตสวรรค์ประชารักษ์
►ส่วนจัดเก็บหนังสือเก่า สปร
บนชั้น
  ขอยืม

รายการใกล้เคียง
    ผู้แต่ง [วิไล ชินธเนศ]

    หัวเรื่อง [กายวิภาคศาสตร์]

BibComment


ยังไม่เคยถูกคอมเมนท์

คอมเมนท์ทรัพยากรรายการนี้
  คอมเมนท์: กายวิภาคศาสตร์ของ..


 Copyright 2026. Bcnsprnw @Library